000 00655nam a22002177a 4500
003 UA-OsUOA
001 57523
007 ta
008 20081225b un ||||| |||| 00| 0 ukr d
100 _aСелігей П.О.
090 _a81
_bС-12
942 _cSA
040 _aUA-OsUOA
_bukr
_cUA-OsUOA
_dUA-OsUOA
245 _aУкраїнське академічне мовознавство за дев'яносто років (1918-2008)
300 _aС.3-18
955 _a0
041 _aukr
080 _a81
773 0 _w57521
650 7 _a8 Мовознавство. Художня література. Літературознавство
_2UDC
999 _c343591
_d343591